| 000 | 00349cam a22001217a 4500 | ||
|---|---|---|---|
| 008 | 180718b1992 xxu||||| |||| 00| 0 eng d | ||
| 082 | _aA99 D938 | ||
| 100 | _aDurrani, Tehmina | ||
| 245 |
_aMy Feudal Lord _cby Tehmina Durrani |
||
| 260 |
_aNew Delhi _bSterling _c1992 |
||
| 300 | _a365p. | ||
| 650 | _aGhulam Mustafa Khar - Criticism and interpretation | ||
| 999 |
_c342852 _d342852 |
||